[Event "Superettan(Solna-Rockaden,Umea)"]
[Site "?"]
[Date "2015.11.08"]
[Round "3"]
[White "Petrov, Marijan"]
[Black "Johansson, Gunnar"]
[Result "1-0"]
[WhiteElo "2478"]
[BlackElo "2228"]
[PlyCount "169"]
[EventDate "2015.??.??"]
1. e4 c5 2. Nf3 e6 3. d4 cxd4 4. Nxd4 Nc6 5. Nc3 Qc7 6. g3 a6 7. Bg2 d6 8. O-O
Bd7 9. g4 h6 10. Nde2 Nf6 11. Ng3 b5 12. a3 Be7 13. f4 Nh7 14. Be3 Rb8 15. Qd2
a5 16. Nce2 b4 17. axb4 axb4 18. Nh5 g6 19. Nhg3 Nf6 20. h3 b3 21. Qc3 O-O 22.
cxb3 Kh7 23. g5 hxg5 24. fxg5 Ne8 25. Nc1 Kg8 26. Nh1 Ne5 27. Nf2 f6 28. Ra7
Rb7 29. Qxc7 Rxc7 30. gxf6 Bxf6 31. Rxc7 Nxc7 32. Rd1 Nf7 33. Bd4 Kg7 34. Bxf6+
Kxf6 35. Ng4+ Ke7 36. Nd3 Rb8 37. e5 d5 38. Nc5 Rb4 39. Ra1 Rb5 40. Rc1 Ne8 41.
Bf1 Ra5 42. Bd3 g5 43. b4 Ra2 44. Nxd7 Kxd7 45. Bb5+ Kd8 46. Rc2 Ng7 47. Bd3
Nf5 48. Rf2 Ke7 49. b5 Nd4 50. b6 Ra4 51. Bg6 Nd8 52. Nh6 Rb4 53. Ng8+ Kd7 54.
Nf6+ Kc8 55. Be8 Rxb6 56. Nd7 Rb3 57. Kg2 N8c6 58. Nc5 Re3 59. Bxc6 Nxc6 60.
Rf8+ Kc7 61. Nxe6+ Kd7 62. Nxg5 Rxe5 63. h4 Re2+ 64. Rf2 Re3 65. Kf1 Ne7 66.
Rf7 Ke8 67. Rf3 Re5 68. Kf2 Ng6 69. Kg3 Re2 70. h5 Ne7 71. b3 Re1 72. Kg4 Ng8
73. Kf5 Rh1 74. Rh3 Rf1+ 75. Ke5 Nh6 76. Rf3 Rh1 77. Nh3 Rd1 78. Kf6 Ng4+ 79.
Kg5 Nh2 80. Rf2 Nf1 81. h6 Rd3 82. Kh4 Rd4+ 83. Nf4 Ne3 84. h7 Nf5+ 85. Kg5 1-0

[Event "Superettan(Orgryte-Upsala)"]
[Site "?"]
[Date "2015.11.08"]
[Round "3"]
[White "Malm Lindberg, Henrik"]
[Black "Arnelind, Mikael"]
[Result "1-0"]
[WhiteElo "2242"]
[BlackElo "2190"]
[PlyCount "165"]
[EventDate "2015.??.??"]
1. e4 e6 2. d4 d5 3. Nc3 Bb4 4. e5 c5 5. Qg4 Ne7 6. dxc5 Nbc6 7. Bd2 O-O 8. Nf3
f5 9. exf6 Rxf6 10. O-O-O e5 11. Qg5 Bf5 12. Bd3 Bxd3 13. cxd3 Rf5 14. Qg4 Bxc5
15. Bg5 Qf8 16. Bh4 h6 17. Kb1 Qf7 18. Bg3 a5 19. Qa4 Bb4 20. Nb5 Nc8 21. Qc2
Nb6 22. a3 Bf8 23. Rhe1 Rc8 24. Qe2 Re8 25. Qc2 d4 26. Nd2 Rc8 27. Nc4 Nxc4 28.
Qxc4 Qxc4 29. dxc4 g5 30. b3 Rd8 31. Re4 Kf7 32. Kc2 Bg7 33. f3 h5 34. Kd3 h4
35. Be1 h3 36. gxh3 Rxf3+ 37. Kc2 Kg6 38. Bg3 Kf5 39. Ree1 Bf6 40. c5 Kg6 41.
Nd6 a4 42. bxa4 Rc3+ 43. Kd2 Rxa3 44. Rb1 Rxa4 45. Rxb7 Rda8 46. Rb6 Ra2+ 47.
Kd3 R2a3+ 48. Kc4 d3 49. Rc1 R8a4+ 50. Kd5 Ne7+ 51. Ke6 d2 52. Rf1 Rf3 53. Rxf3
d1=Q 54. Rxf6+ Kh5 55. Kxe7 Ra7+ 56. Nb7 Rxb7+ 57. Rxb7 Qd5 58. Rc7 g4 59. h4
Qd3 60. Rcc6 Qh7+ 61. Kd8 Qg8+ 62. Kc7 Qh7+ 63. Kb8 Qg8+ 64. Ka7 Qh7+ 65. Ka6
Qd3+ 66. Kb6 Qb1+ 67. Ka7 Qh7+ 68. Kb8 Qg8+ 69. Kb7 Qh7+ 70. Rc7 Qb1+ 71. Rb6
Qe4+ 72. Kb8 Qd3 73. Rcc6 Qd8+ 74. Ka7 Qd7+ 75. Ka6 Qd3+ 76. Kb7 Qd7+ 77. Rc7
Qd5+ 78. Kb8 Qg8+ 79. Rc8 Qh7 80. c6 e4 81. c7 e3 82. Rb5+ Kg6 83. Rd8 1-0

[Event "Superettan(Kamraterna-Schack 08)"]
[Site "?"]
[Date "2015.11.08"]
[Round "3"]
[White "Drugge, Patrick"]
[Black "Hamark, Jesper"]
[Result "1/2-1/2"]
[WhiteElo "2173"]
[BlackElo "2331"]
[PlyCount "83"]
[EventDate "2015.??.??"]
1. e4 c5 2. Nc3 Nc6 3. g3 g6 4. Bg2 Bg7 5. d3 d6 6. f4 e5 7. Nh3 h5 8. Nf2 Nge7
9. O-O Be6 10. Nd5 Qd7 11. fxe5 dxe5 12. c4 f6 13. Be3 Nd4 14. h4 O-O 15. Qd2
Nec6 16. Rac1 Rf7 17. Kh2 Raf8 18. Nh3 Bg4 19. Rf2 Ne6 20. Rcf1 Ncd4 21. Bh6
Kh7 22. Bxg7 Kxg7 23. Ng1 b6 24. Bh3 Qd6 25. Qe3 Qd7 26. Bg2 Qd8 27. Nh3 Qd7
28. Ng1 Qd8 29. Nh3 Qd6 30. Ng1 Qd7 31. Nh3 Qd8 32. Ng1 Qc8 33. Nh3 Qe8 34. Ng1
Qa4 35. b3 Qd7 36. Nh3 Qd8 37. Ng1 Qd7 38. Nh3 Qd8 39. Ng1 Qd6 40. Nh3 Qd7 41.
Ng1 Qd8 42. Nh3 1/2-1/2

[Event "Superettan(Solna-Rockaden,Umea)"]
[Site "?"]
[Date "2015.11.08"]
[Round "3"]
[White "Steneskog, Per"]
[Black "Eriksson, Jorgen"]
[Result "0-1"]
[WhiteElo "2198"]
[BlackElo "2196"]
[PlyCount "80"]
[EventDate "2015.??.??"]
1. d4 d5 2. c4 e6 3. Nc3 c6 4. Qc2 dxc4 5. Nf3 b5 6. e4 Bb7 7. Be2 Nf6 8. O-O
Nbd7 9. Rd1 Be7 10. Bg5 h6 11. Bh4 O-O 12. Ne5 Nxe5 13. Bxf6 gxf6 14. dxe5 Qc7
15. Qd2 Kh7 16. exf6 Bxf6 17. Qe3 Rfd8 18. Rxd8 Rxd8 19. Rd1 Rxd1+ 20. Bxd1 Be5
21. g3 Qd7 22. Bh5 a6 23. Qc5 Bd6 24. Qb6 Qe7 25. Qe3 Be5 26. a3 c5 27. h4 Qf6
28. Nd1 Bd4 29. Qe2 Qe5 30. Ne3 Qxe4 31. Qc2 Qxc2 32. Nxc2 Bxb2 33. f3 Kg7 34.
Kf2 a5 35. Ke3 Bc1+ 36. Ke2 b4 37. Kd1 Bb2 38. Ne3 Ba6 39. a4 Bd4 40. Ng2 Bb7
0-1

[Event "Superettan(Orgryte-Upsala)"]
[Site "?"]
[Date "2015.11.08"]
[Round "3"]
[White "Virolainen, Victor"]
[Black "Cederberg, Karl Olof"]
[Result "1-0"]
[WhiteElo "2175"]
[BlackElo "2206"]
[PlyCount "133"]
[EventDate "2015.??.??"]
1. e4 e5 2. Nf3 d6 3. d4 Nf6 4. Nc3 Nbd7 5. Bc4 Be7 6. O-O O-O 7. Re1 c6 8. a4
b6 9. h3 a6 10. Bd3 Qc7 11. Bg5 Re8 12. Ne2 Nf8 13. c3 Ng6 14. b3 h6 15. Be3
Bf8 16. Qc2 Bd7 17. Rec1 Qb7 18. b4 b5 19. a5 Rac8 20. Qb1 c5 21. d5 c4 22. Bc2
Nh5 23. Kh2 Ngf4 24. Nxf4 Nxf4 25. Ng1 g6 26. g3 Nh5 27. Rf1 Bg7 28. Bd2 Rf8
29. Qd1 f5 30. exf5 Qxd5 31. Be3 Qc6 32. fxg6 Nf6 33. Qd2 Ne4 34. Bxe4 Qxe4 35.
Bxh6 Bc6 36. f3 Qxg6 37. Bxg7 Kxg7 38. Rae1 Rce8 39. Qe3 Re7 40. Rd1 Rf6 41.
Rd2 Ref7 42. h4 Kf8 43. g4 Rf4 44. h5 Qf6 45. Nh3 Rxg4 46. fxg4 Qxf1 47. Rf2
Rxf2+ 48. Qxf2+ Qxf2+ 49. Nxf2 d5 50. Kg3 d4 51. cxd4 exd4 52. Kf4 Kg7 53. Ke5
d3 54. Kd4 Kh6 55. Nxd3 cxd3 56. Kxd3 Kg5 57. Kd4 Kxg4 58. Kc5 Kxh5 59. Kb6 Bd7
60. Kxa6 Kg5 61. Kb6 Bh3 62. Kxb5 Kf6 63. a6 Ke6 64. Kc6 Bg2+ 65. Kc7 Kd5 66.
b5 Kc5 67. b6 1-0

[Event "Superettan(Kamraterna-Schack 08)"]
[Site "?"]
[Date "2015.11.08"]
[Round "3"]
[White "Svensson, Bengt"]
[Black "Renman, Nils-Gustaf"]
[Result "0-1"]
[WhiteElo "2342"]
[BlackElo "2332"]
[PlyCount "72"]
[EventDate "2015.??.??"]
1. e4 e6 2. d4 d5 3. Nc3 Nf6 4. e5 Nfd7 5. f4 c5 6. Nf3 Nc6 7. Be3 a6 8. Qd2 b5
9. dxc5 Bxc5 10. Bd3 Bb7 11. Bf2 Qb6 12. O-O Bxf2+ 13. Rxf2 Nc5 14. a3 O-O-O
15. Qe2 Kb8 16. Kh1 f5 17. exf6 gxf6 18. b4 Nxd3 19. cxd3 Rhe8 20. d4 e5 21.
dxe5 fxe5 22. fxe5 d4 23. Nd1 d3 24. Qd2 Nxe5 25. Nxe5 Rxe5 26. h3 Qd4 27. Rc1
Rde8 28. Nc3 Re3 29. Kh2 Qe5+ 30. Kg1 Rg8 31. Rcf1 Ka7 32. Rf7 Qg3 33. R1f2
Rge8 34. Rxh7 Re1+ 35. Rf1 Rxf1+ 36. Kxf1 Re1+ 0-1

[Event "Superettan(Solna-Rockaden,Umea)"]
[Site "?"]
[Date "2015.11.08"]
[Round "3"]
[White "Malmstig, Erik"]
[Black "Lundvik, Jonas"]
[Result "1-0"]
[WhiteElo "2261"]
[BlackElo "2194"]
[PlyCount "129"]
[EventDate "2015.??.??"]
1. d4 d5 2. Nf3 Nf6 3. c4 e6 4. cxd5 exd5 5. Nc3 Be7 6. g3 O-O 7. Bg2 h6 8. O-O
Re8 9. Ne5 c5 10. dxc5 Bxc5 11. Nd3 Bb6 12. Nf4 d4 13. Na4 Nc6 14. Nd3 Bf5 15.
Bf4 Qe7 16. Nxb6 axb6 17. Re1 Qe6 18. a3 Bh3 19. Bh1 Bg4 20. Qd2 Na5 21. Qb4
Qb3 22. Ne5 Bf5 23. Nf3 Qxb4 24. axb4 Nb3 25. Rxa8 Rxa8 26. Be5 d3 27. exd3
Bxd3 28. Nd4 Bc4 29. Bxb7 Re8 30. Nf5 Nd5 31. Nd6 Re7 32. Bc3 Rd7 33. Bxd5 Bxd5
34. Nf5 f6 35. Re7 Bc6 36. Rxd7 Bxd7 37. Nd6 Kf8 38. Nc4 b5 39. Ne3 Ke7 40. f4
Bc6 41. Nf5+ Kf7 42. Kf2 Bd7 43. Ne3 Nc1 44. Nc2 Bf5 45. Nd4 Bd3 46. Bd2 Na2
47. Ke3 Bf1 48. Ke4 Bg2+ 49. Kd3 g5 50. b3 gxf4 51. gxf4 Kg6 52. Kc2 Kh5 53.
Kb2 Kg4 54. Kxa2 Kh3 55. f5 h5 56. Bf4 Kg4 57. Bc7 Be4 58. Nxb5 Bxf5 59. Nd6
Be6 60. b5 f5 61. b6 Bd5 62. b7 Bxb7 63. Nxb7 f4 64. Nc5 f3 65. Nd3 1-0

[Event "Superettan(Orgryte-Upsala)"]
[Site "?"]
[Date "2015.11.08"]
[Round "3"]
[White "Johansson, Thomas"]
[Black "Kumar, Rahul"]
[Result "1-0"]
[WhiteElo "2203"]
[BlackElo "2156"]
[PlyCount "213"]
[EventDate "2015.??.??"]
1. d4 d6 2. e4 g6 3. Nc3 Bg7 4. Be3 a6 5. a4 Nf6 6. f3 Nc6 7. Qd2 e5 8. d5 Nd4
9. Nge2 Nxe2 10. Bxe2 h6 11. O-O-O Bd7 12. Bc4 Bxa4 13. Nxa4 b5 14. Bb3 bxa4
15. Bxa4+ Kf8 16. Bc6 Rc8 17. c3 Nd7 18. Kc2 Qe7 19. Bb7 Rb8 20. Bxa6 Kg8 21.
h4 Kh7 22. h5 g5 23. g4 Rhd8 24. b4 Nb6 25. Bd3 Qd7 26. Ra1 Ra8 27. Qe2 c5 28.
bxc5 dxc5 29. Bb5 Qd6 30. Bc6 Rxa1 31. Rxa1 Rb8 32. Rb1 Bf8 33. Rb5 Qc7 34. Rb2
Qa7 35. Qb5 Qa1 36. Rb1 Qa3 37. Qb3 Qa5 38. d6 Kg7 39. Qb5 Qa2+ 40. Rb2 Qa1 41.
Bxc5 Nd7 42. Qxb8 Nxb8 43. Rxb8 Qa2+ 44. Kd3 Bxd6 45. Bxd6 Qa6+ 46. Kd2 Qxc6
47. Bxe5+ f6 48. Bd4 Qc7 49. Rb6 Qf4+ 50. Ke2 Qc1 51. Bxf6+ Kg8 52. Bd4 Qc2+
53. Kf1 Kh7 54. Rb7+ Kg8 55. Rc7 Qh2 56. Rc8+ Kh7 57. Rc6 Qh1+ 58. Ke2 Qh2+ 59.
Bf2 Kg7 60. c4 Qe5 61. Kf1 Qh2 62. c5 Qh1+ 63. Ke2 Qb1 64. Rb6 Qc1 65. Rg6+ Kh7
66. Be3 Qc4+ 67. Kf2 Qc2+ 68. Kg3 Qd3 69. Bf2 Qd7 70. Kg2 Qc7 71. c6 Qe5 72.
Bg3 Qb2+ 73. Kh3 Qc3 74. Kg2 Qb2+ 75. Bf2 Qe5 76. Be3 Qb2+ 77. Kf1 Qc3 78. Ke2
Qc2+ 79. Bd2 Qc5 80. Be3 Qc2+ 81. Kf1 Qc3 82. Kf2 Qb2+ 83. Kg3 Qc3 84. Bf2 Qe5+
85. Kh3 Qf4 86. Kg2 Qc1 87. Re6 Qc4 88. Rd6 Kg7 89. Rd7+ Kf6 90. Rh7 Ke5 91.
Bg3+ Kd4 92. Rxh6 Ke3 93. Bf2+ Ke2 94. Rf6 Qc1 95. Bg3 Qc3 96. c7 Qxf6 97. c8=Q
Qxf3+ 98. Kh2 Qxe4 99. Qf5 Qc6 100. Qxg5 Qc2 101. Qf4 Qc6 102. Qf2+ Kd3 103.
Bf4 Qa4 104. Qe3+ Kc2 105. Qd2+ Kb1 106. Be5 Qd4 107. Qxd4 1-0

[Event "Superettan(Kamraterna-Schack 08)"]
[Site "?"]
[Date "2015.11.08"]
[Round "3"]
[White "Faldt, Magnus"]
[Black "Svenn, Matti"]
[Result "1/2-1/2"]
[WhiteElo "2197"]
[BlackElo "2180"]
[PlyCount "54"]
[EventDate "2015.??.??"]
1. d4 Nf6 2. c4 e6 3. Nc3 d5 4. Nf3 Be7 5. Bg5 h6 6. Bh4 O-O 7. e3 b6 8. Rc1
Bb7 9. Bd3 Nbd7 10. O-O c5 11. cxd5 Nxd5 12. Bxe7 Qxe7 13. Be2 Rfd8 14. Qa4
cxd4 15. Qxd4 Nc5 16. b4 Nxc3 17. Qxc3 Ne4 18. Qb2 Rac8 19. a3 Ng5 20. Rxc8
Rxc8 21. Rc1 Rxc1+ 22. Qxc1 Nxf3+ 23. Bxf3 Bxf3 24. gxf3 Qg5+ 25. Kf1 Qb5+ 26.
Kg2 Qg5+ 27. Kf1 Qb5+ 1/2-1/2

[Event "Superettan(Solna-Rockaden,Umea)"]
[Site "?"]
[Date "2015.11.08"]
[Round "3"]
[White "Wallgren, Ulf"]
[Black "Johansson, David"]
[Result "0-1"]
[WhiteElo "2147"]
[BlackElo "2140"]
[PlyCount "42"]
[EventDate "2015.??.??"]
1. e4 e6 2. d4 d5 3. e5 c5 4. c3 Nc6 5. Nf3 Qb6 6. a3 c4 7. g3 Bd7 8. Bg2 f6 9.
O-O Nge7 10. Nbd2 Na5 11. exf6 gxf6 12. Nh4 O-O-O 13. Re1 Ng6 14. Nxg6 hxg6 15.
f4 Bh6 16. Rb1 g5 17. f5 e5 18. Bxd5 exd4 19. Nxc4 Nxc4 20. Qxd4 Qxd4+ 21. cxd4
Bxf5 0-1

[Event "Superettan(Orgryte-Upsala)"]
[Site "?"]
[Date "2015.11.08"]
[Round "3"]
[White "Blazekovic, Nina"]
[Black "Burwick, Malte"]
[Result "0-1"]
[WhiteElo "1914"]
[BlackElo "2228"]
[PlyCount "52"]
[EventDate "2015.??.??"]
1. e4 g6 2. d4 Bg7 3. Nc3 d6 4. Nf3 a6 5. Be3 Nd7 6. a4 b6 7. Qd2 h6 8. Bd3 e6
9. O-O Bb7 10. Rfe1 Ne7 11. h3 d5 12. exd5 Nxd5 13. Nxd5 Bxd5 14. c4 Bxf3 15.
gxf3 Qh4 16. Be4 Rd8 17. Bf4 e5 18. Bc6 O-O 19. Bxd7 exf4 20. Bc6 Rxd4 21. Qc2
Rd6 22. Bd5 c6 23. Be4 Qxh3 24. Rad1 Re6 25. Bd3 Rfe8 26. Qd2 Re5 0-1

[Event "Superettan(Kamraterna-Schack 08)"]
[Site "?"]
[Date "2015.11.08"]
[Round "3"]
[White "Svenn, Gosta"]
[Black "Sternlund, Hakan"]
[Result "1-0"]
[WhiteElo "2283"]
[BlackElo "2120"]
[PlyCount "101"]
[EventDate "2015.??.??"]
1. d4 d5 2. c4 e6 3. Nf3 Nf6 4. g3 c6 5. Bg2 Bb4+ 6. Bd2 Bxd2+ 7. Qxd2 Ne4 8.
Qc2 Qa5+ 9. Nbd2 Nd7 10. O-O Nxd2 11. Nxd2 O-O 12. e4 dxe4 13. Nxe4 e5 14. d5
cxd5 15. cxd5 f5 16. Nd6 Qc5 17. Qxc5 Nxc5 18. Rac1 b6 19. b4 Nd3 20. Rc7 Nxb4
21. Rfc1 Ba6 22. Rd7 Rad8 23. Rxd8 Rxd8 24. Nxf5 Kf8 25. a3 Nd3 26. Rc7 Nc5 27.
Rxa7 Bb7 28. Ne3 Rc8 29. Nc4 Rd8 30. Nxb6 e4 31. Na4 Nxa4 32. Rxa4 Rxd5 33.
Bxe4 Rd1+ 34. Kg2 Bxe4+ 35. Rxe4 Rd3 36. a4 Ra3 37. h4 h5 38. Re5 g6 39. a5 Kf7
40. Rb5 Kf6 41. Rb6+ Kf5 42. a6 Ra2 43. Rd6 Ra3 44. Rc6 Ra2 45. Kf3 Ra3+ 46.
Ke2 Ra2+ 47. Ke3 Ra3+ 48. Kd4 Ra2 49. Kc5 Rxf2 50. a7 Ra2 51. Kb6 1-0

[Event "Superettan(Solna-Rockaden,Umea)"]
[Site "?"]
[Date "2015.11.08"]
[Round "3"]
[White "Nygren, David"]
[Black "Dalmau, Jorgen"]
[Result "1/2-1/2"]
[WhiteElo "2192"]
[BlackElo "2134"]
[PlyCount "28"]
[EventDate "2015.??.??"]
1. e4 e5 2. Nf3 Nc6 3. Bb5 a6 4. Ba4 Nf6 5. d4 Nxe4 6. Qe2 b5 7. d5 Nc5 8. Bb3
Nxb3 9. axb3 Nb4 10. Qe4 Bb7 11. Nc3 Be7 12. O-O O-O 13. Nxe5 f5 14. Qe2 Bf6
1/2-1/2

[Event "Superettan(Orgryte-Upsala)"]
[Site "?"]
[Date "2015.11.08"]
[Round "3"]
[White "Svensson, Mans"]
[Black "Eksmyr, Johan"]
[Result "0-1"]
[WhiteElo "2148"]
[BlackElo "2156"]
[PlyCount "160"]
[EventDate "2015.??.??"]
1. d4 Nf6 2. Bg5 e6 3. Nd2 h6 4. Bh4 d5 5. e3 c5 6. c3 Nc6 7. Ngf3 Be7 8. Be2
O-O 9. O-O cxd4 10. exd4 g5 11. Bg3 Nh5 12. Ne1 Nf4 13. Bxf4 gxf4 14. Nd3 Bd6
15. g3 Kh8 16. Nf3 Qf6 17. Qd2 Rg8 18. Kh1 Ne7 19. Nfe5 Ng6 20. gxf4 b6 21. f5
Nf8 22. Qf4 Bb8 23. Rg1 exf5 24. Rxg8+ Kxg8 25. Rg1+ Kh7 26. Qe3 Ng6 27. f4 Be6
28. Bh5 Ne7 29. Qh3 Bd6 30. Nf3 Rg8 31. Rg3 Rg7 32. Nfe5 Ng6 33. Bf3 Ne7 34.
Qg2 Rxg3 35. Qxg3 Ng8 36. Qg2 Ne7 37. Qg3 Ng6 38. Bh5 Ne7 39. Bf3 Qg7 40. Bh5
Ng8 41. Qxg7+ Kxg7 42. Bd1 Nf6 43. Kg1 Ne4 44. Ba4 f6 45. Nf3 Kf7 46. Kf1 Ke7
47. Ke2 Bb8 48. Ke3 Nd6 49. Bc6 Nc4+ 50. Ke2 Bf7 51. Nh4 Bh5+ 52. Ke1 Ke6 53.
Bb7 Bg4 54. Bc8+ Kf7 55. Bxf5 Bh5 56. Bh3 Nd6 57. Bg2 Ne4 58. Nf5 Bg6 59. Nxh6+
Kg7 60. Ng4 Nxc3 61. bxc3 Bxd3 62. Bxd5 Bxf4 63. Nf2 Ba6 64. h3 Bg3 65. c4 b5
66. c5 b4 67. Bb3 Bb5 68. d5 a5 69. d6 a4 70. Bc2 Kf7 71. c6 Bxc6 72. Ke2 Bxf2
73. Kxf2 Bd5 74. Bb1 a3 75. h4 b3 76. axb3 Bxb3 77. h5 a2 78. Bxa2 Bxa2 79. Kg3
Ke6 80. Kf4 Bb1 0-1

[Event "Superettan(Kamraterna-Schack 08)"]
[Site "?"]
[Date "2015.11.08"]
[Round "3"]
[White "Forsback, Lenny"]
[Black "Madebrink, Lars"]
[Result "0-1"]
[WhiteElo "2084"]
[BlackElo "2195"]
[PlyCount "78"]
[EventDate "2015.??.??"]
1. d4 d5 2. c4 c6 3. Nf3 e6 4. e3 f5 5. Nc3 Nf6 6. Be2 Bd6 7. Ne5 O-O 8. O-O
Ne4 9. Qc2 Nd7 10. f4 Ndf6 11. b3 Bd7 12. Bb2 Be8 13. c5 Be7 14. b4 Rc8 15. a4
b6 16. Nxe4 Nxe4 17. a5 b5 18. g4 g5 19. Bf3 Bf6 20. Kh1 Rc7 21. Qg2 Rg7 22.
Bxe4 dxe4 23. Qh3 Bxe5 24. fxe5 f4 25. Bc1 Qd5 26. Qg2 Rgf7 27. Bd2 fxe3 28.
Bxe3 Rf3 29. Qe2 h6 30. Rxf3 exf3 31. Qf2 Bg6 32. Rc1 Bd3 33. h3 Qb3 34. Bd2
Be2 35. Kh2 Qb2 36. Qe3 f2 37. Qxe2 Qxc1 38. Bxc1 f1=Q 39. Qxf1 Rxf1 0-1

[Event "Superettan(Solna-Rockaden,Umea)"]
[Site "?"]
[Date "2015.11.08"]
[Round "3"]
[White "Bjarnehag, Peter"]
[Black "Mardell, Jimmy"]
[Result "1-0"]
[WhiteElo "2118"]
[BlackElo "2114"]
[PlyCount "33"]
[EventDate "2015.??.??"]
1. c4 c5 2. Nc3 Nf6 3. e4 Nc6 4. Nf3 d6 5. d4 cxd4 6. Nxd4 Nxd4 7. Qxd4 g6 8.
Be3 Bg7 9. f3 O-O 10. Qd2 Nd7 11. Be2 Qa5 12. Nd5 Qxd2+ 13. Kxd2 Nb6 14. Nxe7+
Kh8 15. Rab1 Na4 16. Kc2 Re8 17. Nd5 1-0

[Event "Superettan(Orgryte-Upsala)"]
[Site "?"]
[Date "2015.11.08"]
[Round "3"]
[White "Lauritzson, Peter"]
[Black "Johansson, Carl Fredrik"]
[Result "0-1"]
[WhiteElo "2115"]
[BlackElo "2154"]
[PlyCount "96"]
[EventDate "2015.??.??"]
1. Nf3 Nf6 2. g3 g6 3. Bg2 Bg7 4. O-O O-O 5. c4 d6 6. d4 Nbd7 7. Nc3 e5 8. e4
a6 9. h3 b5 10. cxb5 axb5 11. b4 Re8 12. Re1 c6 13. d5 Qb6 14. Be3 c5 15. Nd2
Ra3 16. Qc1 Ra7 17. Bf1 Ba6 18. a4 bxa4 19. b5 Bc8 20. Qc2 Qb8 21. Nxa4 Bf8 22.
Nc4 Be7 23. b6 Ra8 24. Reb1 Bb7 25. Bg2 Bd8 26. Ra2 Ba6 27. Nxd6 Qxd6 28. Bxc5
Qb8 29. Be3 Bb7 30. Bf1 Be7 31. Bg2 Rc8 32. Qb2 Ne8 33. Kh2 Nd6 34. f4 f6 35.
Nc3 Nc4 36. Rxa8 Bxa8 37. Qb5 Qb7 38. Qb3 Kg7 39. Na4 Nxe3 40. Qxe3 Bd6 41. f5
Qa6 42. Qb3 Bb7 43. Ra1 Qc4 44. Qd1 Ra8 45. fxg6 hxg6 46. Qg4 Nf8 47. Qd1 Qd4
48. Qb1 Rxa4 0-1

[Event "Superettan(Kamraterna-Schack 08)"]
[Site "?"]
[Date "2015.11.08"]
[Round "3"]
[White "Borvander, Tom"]
[Black "Andersson, Bo"]
[Result "1-0"]
[WhiteElo "2148"]
[BlackElo "1871"]
[PlyCount "89"]
[EventDate "2015.??.??"]
1. d4 Nf6 2. c4 e6 3. Nc3 d5 4. Bg5 Be7 5. e3 Nbd7 6. Nf3 h6 7. Bh4 c6 8. Rc1
O-O 9. Bd3 b6 10. O-O Bb7 11. cxd5 exd5 12. Qe2 Re8 13. Bg3 a6 14. Rfd1 Bf8 15.
Bf5 g6 16. Bb1 Nh5 17. Bh4 Be7 18. Bxe7 Qxe7 19. a3 f5 20. Qc2 Nhf6 21. Ne2 Ne4
22. Nf4 Kg7 23. Nd3 Rac8 24. b4 Qf6 25. Qb2 Rc7 26. Ba2 Rec8 27. Nfe5 g5 28. f3
Nd6 29. Rc2 Nf8 30. a4 Ne6 31. a5 b5 32. Re2 Rf8 33. Qc3 Nc4 34. Bxc4 dxc4 35.
Nf2 Rd8 36. g4 Bc8 37. gxf5 Qxf5 38. d5 Rxd5 39. Neg4+ Kg6 40. Rxd5 cxd5 41. e4
dxe4 42. Nxe4 Nf4 43. Rd2 Be6 44. Qh8 Rh7 45. Ne5+ 1-0

[Event "Superettan(Rockaden,Sthlm II-Malmo)"]
[Site "?"]
[Date "2015.11.08"]
[Round "3"]
[White "Jobava, Baadur"]
[Black "Backman, Michael"]
[Result "1-0"]
[WhiteElo "2671"]
[BlackElo "2101"]
[PlyCount "51"]
[EventDate "2015.??.??"]
1. b3 e5 2. Bb2 Nc6 3. e3 Nf6 4. Bb5 d6 5. Ne2 Bd7 6. O-O g6 7. d4 Bg7 8. Bxc6
bxc6 9. dxe5 Ng4 10. Nd2 Nxe5 11. Nc4 O-O 12. Nxe5 dxe5 13. Qe1 Qe7 14. Qa5
Rfc8 15. Rfd1 Bf5 16. Rd2 h5 17. Ng3 Bg4 18. h3 h4 19. Ne4 Bf5 20. Qa4 Bd7 21.
Ba3 Qe8 22. Nc5 Bf5 23. e4 Be6 24. Rad1 Bh6 25. Nd7 Kg7 26. Bf8+ 1-0

[Event "Superettan(Vaxjo-Vasteras II)"]
[Site "?"]
[Date "2015.11.08"]
[Round "3"]
[White "Orndahl, Markus"]
[Black "Aabling-Thomsen, Jakob"]
[Result "1-0"]
[WhiteElo "2150"]
[BlackElo "2350"]
[PlyCount "93"]
[EventDate "2015.??.??"]
1. e4 c5 2. Nc3 g6 3. Bc4 Bg7 4. f4 Nc6 5. Nf3 e6 6. a3 Nge7 7. d3 d5 8. Ba2 b5
9. O-O b4 10. axb4 cxb4 11. Na4 O-O 12. e5 a5 13. Be3 f6 14. Bb6 Qe8 15. exf6
Bxf6 16. Qe1 Bd7 17. Bb3 h6 18. g4 Qf7 19. Qg3 Qg7 20. Rfe1 Bxb2 21. Nxb2 Qxb2
22. Bc7 Qg7 23. Bd6 Nd4 24. Nxd4 Qxd4+ 25. Kg2 Rf7 26. Be5 Qc5 27. f5 Ra6 28.
f6 Nc6 29. Bd6 Qd4 30. Qh4 Kh7 31. Qg3 e5 32. h3 Rxf6 33. Bc7 Rf7 34. Rf1 Rf4
35. Bxe5 Qxe5 36. Qxf4 Qxf4 37. Rxf4 Be6 38. Ba4 g5 39. Rf2 Nd4 40. Re1 Kg7 41.
Kg3 Ra8 42. h4 gxh4+ 43. Kxh4 Rc8 44. Rf4 Nxc2 45. Rxe6 Na3 46. Re7+ Kg8 47.
Bd7 1-0

[Event "Superettan(Rockaden,Sthlm II-Malmo)"]
[Site "?"]
[Date "2015.11.08"]
[Round "3"]
[White "Berglind, Axel"]
[Black "Nilsson, Anders"]
[Result "1-0"]
[WhiteElo "2078"]
[BlackElo "2225"]
[PlyCount "71"]
[EventDate "2015.??.??"]
1. c4 e5 2. Nc3 Bb4 3. Nd5 a5 4. Nf3 Nc6 5. Qc2 Nge7 6. e3 d6 7. b3 O-O 8. a3
Bc5 9. Bb2 f5 10. d3 f4 11. d4 Ba7 12. O-O-O exd4 13. Nxe7+ Qxe7 14. exd4 Bf5
15. Bd3 Qf7 16. Rhe1 h6 17. d5 Bxd3 18. Rxd3 Ne7 19. Nh4 a4 20. Rf3 axb3 21.
Qc3 Ng6 22. Nf5 Rae8 23. Re6 Rxe6 24. dxe6 Qf6 25. Qxf6 gxf6 26. Nxh6+ Kh7 27.
Ng4 Ne5 28. Bxe5 fxe5 29. e7 Ra8 30. e8=Q Rxe8 31. Nf6+ Kg6 32. Nxe8 Bb6 33.
Rxb3 Bxf2 34. Nxc7 Bg1 35. Ne8 Bxh2 36. Nxd6 1-0

[Event "Superettan(Vaxjo-Vasteras II)"]
[Site "?"]
[Date "2015.11.08"]
[Round "3"]
[White "Rydstrom, Tom"]
[Black "Backman, Andreas"]
[Result "1-0"]
[WhiteElo "2334"]
[BlackElo "2162"]
[PlyCount "69"]
[EventDate "2015.??.??"]
1. e4 e6 2. d4 d5 3. Nc3 Bb4 4. e5 c5 5. a3 Bxc3+ 6. bxc3 Ne7 7. Qg4 Qc7 8.
Qxg7 Rg8 9. Qxh7 cxd4 10. Ne2 Nbc6 11. f4 dxc3 12. h4 Bd7 13. h5 O-O-O 14. Qd3
d4 15. h6 Rh8 16. Rb1 Be8 17. Rh3 Ng6 18. Qe4 Qe7 19. Ng3 Nh4 20. Bd3 Bd7 21.
Qe2 Rdg8 22. h7 Rg7 23. Be4 f5 24. exf6 Qxf6 25. Nh5 d3 26. Nxf6 dxe2 27. Rxh4
Rf7 28. Nxd7 Rxd7 29. Be3 Nd4 30. Bxd4 Rxd4 31. Bd3 e5 32. Kxe2 e4 33. Ke3 Ra4
34. Bxe4 Rxa3 35. Rg4 1-0

[Event "Superettan(Vaxjo-Upsala)"]
[Site "?"]
[Date "2015.11.07"]
[Round "2"]
[White "Thorgeirsson, Sverrir"]
[Black "Rydstrom, Tom"]
[Result "1-0"]
[WhiteElo "2255"]
[BlackElo "2334"]
[PlyCount "73"]
[EventDate "2015.??.??"]
1. d4 Nf6 2. Nf3 e6 3. e3 b6 4. Bd3 Bb7 5. Nbd2 c5 6. c3 d6 7. O-O Nbd7 8. Qe2
g6 9. e4 e5 10. dxe5 dxe5 11. Ba6 Bxa6 12. Qxa6 Bg7 13. Rd1 O-O 14. Qe2 Qe7 15.
Nc4 h6 16. b3 Rad8 17. Bb2 Nh7 18. Rd2 f5 19. Rad1 f4 20. Qd3 Nhf6 21. Qd6 Qxd6
22. Rxd6 Rde8 23. Rxd7 Nxd7 24. Rxd7 Rd8 25. Rxd8 Rxd8 26. Kf1 b5 27. Ncd2 Kf7
28. c4 b4 29. Ke2 Ke6 30. Ne1 Kd6 31. Nd3 Re8 32. Nxf4 exf4 33. Bxg7 h5 34. Bf6
a5 35. Kf3 Ke6 36. e5 g5 37. Ne4 1-0

[Event "Superettan(Schack 08-Solna)"]
[Site "?"]
[Date "2015.11.07"]
[Round "2"]
[White "Jonsson, Mikael"]
[Black "Ingbrant, Johan"]
[Result "0-1"]
[WhiteElo "2290"]
[BlackElo "2365"]
[PlyCount "99"]
[EventDate "2015.??.??"]
1. d4 d5 2. c4 c6 3. Nf3 e6 4. Bf4 dxc4 5. e3 b5 6. Be2 Bb4+ 7. Nbd2 Nf6 8. O-O
Nbd7 9. Ne5 Bb7 10. Bf3 Nxe5 11. Bxe5 O-O 12. a4 a6 13. Qc2 Qe7 14. b3 Bxd2 15.
Qxd2 cxb3 16. Qc3 Nd7 17. Bg3 Nb6 18. axb5 cxb5 19. Bxb7 Qxb7 20. Qxb3 Nc4 21.
Ra2 Rfc8 22. Rb1 h6 23. h3 Qd5 24. Re2 Nb6 25. Qb4 Na4 26. e4 Qc4 27. Rd2 Nc3
28. Qxc4 Rxc4 29. Re1 Rd8 30. d5 Nxe4 31. Ra2 Rxd5 32. Rxa6 Nxg3 33. fxg3 Rc2
34. Rf1 Rdd2 35. Ra8+ Kh7 36. Rxf7 Rxg2+ 37. Kh1 Rh2+ 38. Kg1 Rxh3 39. Rf3 Rh5
40. Re8 Re5 41. Rf1 Re3 42. Kh1 b4 43. Rb8 b3 44. Rb1 Rxg3 45. Rf1 Rc5 46. Kh2
Re3 47. Rb1 Rc2+ 48. Kh1 b2 49. R8xb2 Rxb2 50. Rxb2 0-1